000
00224nam a22000857a 4500
008
160629b xxu||||| |||| 00| 0 eng d
100
_9
1394
_a
Baweja, G
245
_a
You Can Cook Too!
260
_a
New Delhi
_b
Arya Publication
_c
1993
999
_c
1153
_d
1153